| 000 | 00439nam a2200169Ia 4500 | ||
|---|---|---|---|
| 003 | GCL | ||
| 008 | 140319s9999 xx 000 0 eng d | ||
| 040 |
_aGCL / _cGCL |
||
| 082 | 0 | 4 |
_a700 _bP V |
| 100 | 1 | _aHAANER, FEDERICK | |
| 245 | 1 | 0 |
_aTHE VISUAL ELEMENTS OF ART AND DESIGN / _cHAANER, FEDERICK |
| 260 |
_a[S.N] : _bLONGMAN ، _c1989 |
||
| 300 | _a128 P | ||
| 650 | 0 | 4 | _aVISUAL ARTS - SCHOOL |
| 650 | 0 | 4 | _aART DESIGN |
| 942 |
_2ddc _cBK |
||
| 999 |
_c21364 _d21364 |
||